| 000 | 01182nam a2200289 a 4500 | ||
|---|---|---|---|
| 001 | |||
| 003 | DO-SdBNP | ||
| 005 | 20220217090450.0 | ||
| 008 | 081028s2007 dr a 000 p mul d | ||
| 020 | _a9789945427196 | ||
| 040 |
_aDO-SdBNP _bspa _cBPMSU |
||
| 041 | 1 | 7 |
_aspa _2eng |
| 082 |
_aRD861.44 _bL864c 2007 _222 |
||
| 100 | 1 |
_aLópez, Dagoberto, _d1955- |
|
| 245 | 1 | 0 |
_aCantos de ámbar = Songs of amber / _cDagoberto López. |
| 246 | 1 | 4 | _aSongs of amber |
| 260 |
_aSanto Domingo : _bSecretaría de Estado de Cultura, _c2007. |
||
| 300 |
_a131 p. : _bil. ; _c23 cm. |
||
| 500 | _aTexto en español e inglés. | ||
| 500 | _aIncluye datos biográficos del autor en la solapa de la cubierta | ||
| 505 | 0 | _aFósiles de la memoria -- The fossils of memory -- La audiencia del ámbar y el minero -- The absence of amber and the miner -- María Piringo: espíritu del ámbar y la lluvia -- María Piringo: spirit of amber and rain -- Este tartamudeo-no lo niego -- This stammering- I do not deny it -- Epílogo -- Epiloge. | |
| 590 | _aInventariado, 2022/VM | ||
| 650 | _aPoesía dominicana | ||
| 650 | 4 | _aLiteratura dominicana. | |
| 910 | _aVMateo V. | ||
| 942 |
_2ddc _cBK |
||
| 999 |
_c14039 _d14039 |
||